000 00947cam a2200217 a 4500
999 _c4397
_d4397
020 _a076741845X (alk. paper)
020 _a9780767418454
050 0 0 _aGN320
_b.B62
100 1 _aBodley, John H.
245 1 0 _aAnthropology and contemporary human problems /
_cJohn H. Bodley.
250 _a4th ed.
260 _aMountain View, Calif. :
_bMayfield Pub.,
_cc2001.
300 _ax, 278 p. :
_bill. ;
_c23 cm.
505 _a 1. Anthropological Perspectives on Contemporary Human Problems -- 2. Adaptation, Culture Scale, and the Environmental Crisis -- 3. Natural Resources and the Culture of Consumption -- 4. Malnutrition and the Evolution of Food Systems -- 5. Commercial Factory Food Systems -- 6. The Population Problem -- 7. Poverty and Conflict -- 8. The Future.
650 0 _aEthnology.
650 0 _aCivilization, Modern
650 0 _aHuman ecology.
650 0 _aSocial problems.
650 0 _aSocial prediction.
942 _cBK